00543nam a22001457a 4500003000600000005001700006008004100023040000800064082001800072245020500090250001700295260004500312300002100357650001900378GBCCL20251127113920.0180702b ||||| |||| 00| 0 eng d cgbc a220.5203bBIB aThe Holy Bible containing the Old and New Testaments:bTranslated out of the original tongues and with the former translations diligently compared ; commonly known as the authorized King James version a1964 Edition bGideons International,aNashville:c1964 a1108 p.;c20 cm. aBiblexEnglish